LEADER 01419nam a2200337 u 4500 001 000000050591 003 CaOOAMICUS 005 20070226115236.0 008 000822s1990 it u000 u ita u 020 $a882630727X 035 $a10853843 040 $aPUL(R)$bita 100 1 $aGuillemette, Pierre.$0(OLS)http://pul/name/36397 240 10$aIntroduction aux méthodes historico-critiques.$lItaliano.$0(OLS)http://pul/title/68085 245 10$aIntroduzione ai metodi storico-critici /$cP. Guillemette - M. Brisebois. 260 $aRoma :$bBorla,$cc1990. 300 $a452 p. ;$c20 cm 490 1 $aStudi e ricerche bibliche 500 $aInclude indici. 504 $aBibliografia: p. 418-422. 630 04$aBiblia.$pV.T.$xCritica e interpretazione.$0(OLS)http://pul/subject/3062 630 04$aBiblia.$pN.T.$xCritica e interpretazione.$0(OLS)http://pul/subject/1926 700 1 $aBrisebois, Mirelle.$0(OLS)http://pul/name/36398 830 0$aStudi e ricerche bibliche.$0(OLS)http://pul/title/41534 850 $aPUL 852 $aPUL$W1$xSL Cons. Gen., Altre Classi 1$y1$m1390 U$j58$nBK-PRI$b $qStampati$B67079$CPULBib$Z2$F67079 $81 941 1 $a8 961 $aINV: 0649. Fondo Ciprotti 996 $6020$a882630727X$9(OLS)http://pul/number/64037 996 $6245$aIntroduzione ai metodi storico-critici$9(OLS)http://pul/title/68086 996 $6260$aRoma :$bBorla$9(OLS)http://pul/publisher/48061 LEADER 01311nam a2200301 u 4500 001 000000058795 003 CaOOAMICUS 005 20070226120730.0 008 010613s2001 enkh u000 u eng u 020 $a0198298145 035 $a10892507 040 $aPUL$bita 100 1 $aColeman, Jules L.$0(OLS)http://pul/name/40719 245 14$aThe practice of principle :$bin defence of a pragmatist approach to legal theory /$cJules L. Coleman. 260 $aOxford :$bOxford University Press,$c2001. 300 $axx, 226 p. ;$c24 cm 490 1 $aClarendon law lectures 504 $aBibliografia in nota. 650 4$aDiritto.$0(OLS)http://pul/subject/491 650 4$aGiurisprudenza.$0(OLS)http://pul/subject/17949 830 0$aClarendon law lectures.$0(OLS)http://pul/title/78772 850 $aPUL 852 $aPUL$W1$xDP2 Diritto e Scienze Sociali 3$y110$m340. 1 COLJU 1$j175235$nBK-PRI$b $qDDC 21$B76767$CPULBib$Z2$F76767 $H85042 $81 941 1 $a9 961 $aPrecedente Collocazione: DCiv 62 996 $6020$a0198298145$9(OLS)http://pul/number/74640 996 $6245$aThe practice of principle :$bin defence of a pragmatist approach to legal theory$9(OLS)http://pul/title/78771 996 $6260$aOxford :$bOxford University Press$9(OLS)http://pul/publisher/48013